000
00326 a2200145 4500
001
156304
040
_c
Escola São Tomás de Aquino
100
_a
PESSÔA, Augusto
240
1
0
_a
Felizes para sempre
_l
por
245
1
0
_a
Felizes para sempre
300
_a
54
362
0
_a
2003
697
_a
*LITERATURA JUVENIL
942
_c
BK
999
_c
156304
_d
156304